000 00346nam a2200145 i 4500
001 bg
100 1 _aHumble, John Wiliam.
245 0 _aZarządzanie przez określanie celów /
_cJohn W. Humble.
250 _aWyd.3.
260 _aWarszawa,
_c1975.
040 _cBPK
041 _apol
942 _cKS
008 s pl f |000 0 pol
999 _c9333
_d9333
856 _uhttp://koha.tu.koszalin.pl/cgi-bin/koha/opac-detail.pl?biblionumber=9333
_yKatalog online BPK